000 00243 a2200097 4500
001 34628
100 _aVlach, Jiri
245 _acomputer methods for circuit analysis and design
260 _aND
_bDreamtech Press
_c1986
090 _c22911
_d22911
942 _aNUST-CAE
_cM
_c14349
999 _c269701
_d269701